000 00350nam a2200121 a 4500
005 20141022142000.0
008 090305s19uu xx 00 eng d
050 _aVHS
_bCOM3 2003
245 _aCommunication Skills at Work: Dealing with Customers.
650 _aVHS.
650 _aCommunication Skills at Work: Dealing with Customers
942 _cAVM
999 _c276198
_d276198